[Event "Aragon-chT Honor GrB"]
[Site "Aragon"]
[Date "2014.02.22"]
[Round "5.17"]
[White "Fernandez Rubio, Rafael"]
[Black "Del Rey, Diego"]
[Result "1/2-1/2"]
[WhiteElo "2021"]
[BlackElo "2373"]
[PlyCount "151"]
[EventDate "2014.01.25"]
[EventType "team-tourn"]
[EventRounds "7"]
[EventCountry "ESP"]
[SourceTitle "EXT 2015"]
[Source "ChessBase"]
[SourceDate "2014.11.20"]
[SourceVersion "1"]
[SourceVersionDate "2014.11.20"]
[SourceQuality "1"]
[WhiteTeam "Tauste"]
[BlackTeam "El Olivar"]
[WhiteTeamCountry "ESP"]
[BlackTeamCountry "ESP"]

1. e4 c6 2. d4 d5 3. exd5 cxd5 4. Bd3 Nc6 5. c3 Qc7 6. f4 Nh6 7. Qh5 Qa5 8. Nd2 g6 9. Qe2 Qc7 10. Ngf3 Bg7 11. 0-0 0-0 12. Ne5 f6 13. Nxc6 bxc6 14. Nf3 Bf5 15. Bxf5 gxf5 16. Qe6+ Rf7 17. Nh4 Qc8 18. Re1 Qxe6 19. Rxe6 Rc8 20. a4 Kf8 21. Bd2 Ke8 22. Rae1 Kd7 23. h3 Bf8 24. Kf2 Rb8 25. Bc1 Rg7 26. R1e2 Kc7 27. Ke1 Rd8 28. Kd2 Rg3 29. b4 Rd6 30. b5 cxb5 31. axb5 Rb6 32. Rxb6 axb6 33. Re6 Ng8 34. Rc6+ Kb7 35. Ke2 Nh6 36. Be3 Nf7 37. Bf2 Rg8 38. Re6 Nd6 39. Kf3 h5 40. Be1 Kc7 41. Re2 Kd7 42. Ra2 Nxb5 43. Nxf5 e6 44. Ne3 Bh6 45. g4 hxg4+ 46. hxg4 Rc8 47. Rh2 Bf8 48. Rh7+ Ke8 49. g5 f5 50. Nd1 Rc7 51. Rxc7 Nxc7 52. Nb2 Kf7 53. Nd3 Bd6 54. Ke3 Kg6 55. Ne5+ Kh5 56. Kd3 b5 57. Bd2 Ne8 58. Kc2 Kh4 59. Kb3 Kg3 60. Bc1 Ng7 61. Kc2 Nh5 62. g6 Bf8 63. Nd7 Bd6 64. Nc5 Ng7 65. Nd3 Kg4 66. Ne5+ Kh5 67. Kd3 b4 68. c4 dxc4+ 69. Kxc4 Ne8 70. Bd2 Bxe5 71. dxe5 Kxg6 72. Kxb4 Nc7 73. Kc5 Kf7 74. Kd6 Nd5 75. Kd7 Nb6+ 76. Kc6 1/2-1/2

[Event "Aragon-chT Honor GrB"]
[Site "Aragon"]
[Date "2014.02.01"]
[Round "2.25"]
[White "Roche Simon, Manuel Angel"]
[Black "Fernandez Rubio, Rafael"]
[Result "1-0"]
[WhiteElo "2142"]
[BlackElo "2021"]
[PlyCount "77"]
[EventDate "2014.01.25"]
[EventType "team-tourn"]
[EventRounds "7"]
[EventCountry "ESP"]
[SourceTitle "EXT 2015"]
[Source "ChessBase"]
[SourceDate "2014.11.20"]
[SourceVersion "1"]
[SourceVersionDate "2014.11.20"]
[SourceQuality "1"]
[WhiteTeam "Delicias"]
[BlackTeam "Tauste"]
[WhiteTeamCountry "ESP"]
[BlackTeamCountry "ESP"]

1. e4 d6 2. d4 Nf6 3. Nc3 Nbd7 4. Nf3 e5 5. Bc4 Be7 6. 0-0 0-0 7. Re1 c6 8. a4 b6 9. Ba2 a6 10. Bg5 Qc7 11. Nh4 g6 12. Bh6 Re8 13. Nf3 Ng4 14. Bg5 exd4 15. Bxe7 Rxe7 16. Qxd4 Nde5 17. Rad1 d5 18. Nxe5 Rxe5 19. h3 Rh5 20. exd5 Qh2+ 21. Kf1 Qh1+ 22. Ke2 Qxg2 23. hxg4 Bxg4+ 24. Kd2 c5 25. Qe4 Qxf2+ 26. Kc1 Bxd1 27. Rxd1 Qh4 28. d6 Qxe4 29. Nxe4 Rh4 30. Bd5 Rd8 31. Ng5 Rf4 32. Bc6 Rd4 33. Rxd4 cxd4 34. d7 Kf8 35. Nxh7+ Ke7 36. Ng5 f6 37. Nf3 f5 38. Nxd4 f4 39. Kd2 1-0

[Event "Aragon-chT Preferente A"]
[Site "Aragon"]
[Date "2012.03.24"]
[Round "8.50"]
[White "Fernandez Rubio, Rafael"]
[Black "Lucea Valero, Alejandro"]
[Result "1-0"]
[WhiteElo "2064"]
[BlackElo "1962"]
[PlyCount "87"]
[EventDate "2012.02.04"]
[EventType "team"]
[EventRounds "9"]
[EventCountry "ESP"]
[SourceTitle "EXT 2014"]
[Source "ChessBase"]
[SourceDate "2013.11.20"]
[SourceVersion "1"]
[SourceVersionDate "2013.11.20"]
[SourceQuality "1"]
[WhiteTeam "Tauste"]
[BlackTeam "Caissa II"]
[WhiteTeamCountry "ESP"]
[BlackTeamCountry "ESP"]

1. c4 e5 2. Nc3 Nc6 3. g3 g6 4. Bg2 f5 5. d3 Bg7 6. e4 d6 7. Qa4 f4 8. gxf4 Bd7 9. Qd1 Qh4 10. Nf3 Qg4 11. Rg1 exf4 12. Nd5 0-0-0 13. Nxf4 Ne5 14. Nxe5 dxe5 15. Qxg4 Bxg4 16. Bf1 Nf6 17. Rxg4 Nxg4 18. Ne6 Nxh2 19. Nxd8 Nf3+ 20. Kd1 Rxd8 21. Be3 Nd4 22. Bh3+ Kb8 23. Kd2 Bf8 24. Rh1 Bb4+ 25. Kd1 Nc6 26. Ke2 Nd4+ 27. Bxd4 exd4 28. Be6 Rh8 29. Bf7 g5 30. e5 Kc8 31. Kf3 Be7 32. Ke4 c5 33. b4 b6 34. bxc5 bxc5 35. Kf5 Kd7 36. Rb1 Kc7 37. Ke6 Bd8 38. Rh1 a6 39. Rh6 g4 40. Kf5 a5 41. Kxg4 Be7 42. Ra6 Rf8 43. Ra7+ Kd8 44. e6 1-0

[Event "Aragon-chT Preferente A"]
[Site "Aragon"]
[Date "2012.03.10"]
[Round "6.46"]
[White "Fernandez Rubio, Rafael"]
[Black "Bayod Rubia, Angel"]
[Result "1-0"]
[WhiteElo "2064"]
[BlackElo "2036"]
[PlyCount "77"]
[EventDate "2012.02.04"]
[EventType "team"]
[EventRounds "9"]
[EventCountry "ESP"]
[SourceTitle "EXT 2014"]
[Source "ChessBase"]
[SourceDate "2013.11.20"]
[SourceVersion "1"]
[SourceVersionDate "2013.11.20"]
[SourceQuality "1"]
[WhiteTeam "Tauste"]
[BlackTeam "Olivar II"]
[WhiteTeamCountry "ESP"]
[BlackTeamCountry "ESP"]

1. c4 c5 2. Nc3 Nc6 3. g3 g6 4. Bg2 Bg7 5. d3 d6 6. e3 h5 7. Nge2 Nh6 8. Nf4 Bd7 9. a3 Rb8 10. Rb1 Nf5 11. Ne4 Bh6 12. Nd5 Be6 13. b4 cxb4 14. Nxb4 0-0 15. 0-0 Nxb4 16. Rxb4 b6 17. Nc3 Bg7 18. Nd5 Bxd5 19. cxd5 b5 20. g4 hxg4 21. Rxg4 Nh6 22. Rg3 Qe8 23. e4 f5 24. Bxh6 Bxh6 25. exf5 Rxf5 26. Be4 Rf6 27. Kh1 Qf7 28. Rfg1 g5 29. h4 Rxf2 30. hxg5 Bg7 31. Qg4 Kf8 32. Rf3 Rxf3 33. Bxf3 Ke8 34. Bg2 Be5 35. Rf1 Qh7+ 36. Bh3 Rd8 37. Qf3 Bf6 38. gxf6 Qh8 39. fxe7 1-0

[Event "Aragon-chT Preferente A"]
[Site "Aragon"]
[Date "2012.02.18"]
[Round "3.46"]
[White "Najera de Miguel, Pedro Jesus"]
[Black "Fernandez Rubio, Rafael"]
[Result "1/2-1/2"]
[WhiteElo "1988"]
[BlackElo "2064"]
[PlyCount "66"]
[EventDate "2012.02.04"]
[EventType "team"]
[EventRounds "9"]
[EventCountry "ESP"]
[SourceTitle "EXT 2014"]
[Source "ChessBase"]
[SourceDate "2013.11.20"]
[SourceVersion "1"]
[SourceVersionDate "2013.11.20"]
[SourceQuality "1"]
[WhiteTeam "St Casablanca III"]
[BlackTeam "Tauste"]
[WhiteTeamCountry "ESP"]
[BlackTeamCountry "ESP"]

1. c4 e5 2. g3 g6 3. Bg2 Bg7 4. Nc3 Nc6 5. d3 Nge7 6. e4 0-0 7. Nge2 d6 8. 0-0 Be6 9. Nd5 Qd7 10. Be3 Bxd5 11. cxd5 Nd8 12. d4 f5 13. Qb3 fxe4 14. dxe5 Bxe5 15. Bd4 Qf5 16. Rad1 Nf7 17. f4 exf3 18. Rxf3 Qh5 19. Nf4 Bxf4 20. gxf4 Nf5 21. Bf2 Rae8 22. Rc1 Re7 23. Qxb7 g5 24. Rxc7 Rxc7 25. Qxc7 gxf4 26. Qc2 Qg5 27. Qe4 Ne5 28. Rxf4 h5 29. h3 Nd3 30. Qe6+ Rf7 31. Qe8+ Rf8 32. Qe6+ Rf7 33. Qe8+ Rf8 1/2-1/2

[Event "Zaragoza Casablanca op 5th"]
[Site "Zaragoza"]
[Date "2011.12.26"]
[Round "3"]
[White "Chueca Forcen, Alberto"]
[Black "Fernandez Rubio, Rafael"]
[Result "1-0"]
[WhiteElo "2350"]
[BlackElo "2065"]
[PlyCount "55"]
[EventDate "2011.12.23"]
[EventType "swiss"]
[EventRounds "9"]
[EventCountry "ESP"]
[SourceTitle "CBM 146 Extra"]
[Source "ChessBase"]
[SourceDate "2012.02.29"]
[SourceVersion "1"]
[SourceVersionDate "2012.02.29"]
[SourceQuality "1"]

1. d4 d5 2. Bf4 Nf6 3. e3 Bf5 4. c4 e6 5. Qb3 Qc8 6. cxd5 Nxd5 7. Bg3 Bxb1 8. Rxb1 Bb4+ 9. Kd1 Be7 10. Nf3 0-0 11. Rc1 c6 12. Bd3 a5 13. Bb1 f5 14. Ke2 a4 15. Qd3 a3 16. b3 Nb4 17. Qd2 b6 18. Ne5 Nd7 19. Rhe1 Nxe5 20. Bxe5 Qd7 21. Kf1 Rfd8 22. e4 c5 23. Qe2 Nc6 24. dxc5 Qc8 25. exf5 Bxc5 26. f6 Rf8 27. Qh5 h6 28. Qg6 1-0